| 000 | 00638nam a2200241Ia 4500 | ||
|---|---|---|---|
| 005 | 20250425162746.0 | ||
| 008 | 250425s9999 xx 000 0 und d | ||
| 020 | _a9583343382 | ||
| 041 | _aspa | ||
| 082 | _a641.37 | ||
| 100 | _aNEIRA BERMUDEZ, ESPERANZA | ||
| 245 | 0 | _aGUIA TECNICA PARA LA ELABORACION DE PRODUCTOS LACTEOS | |
| 250 | _a5A ED. | ||
| 260 | _aBOGOTA | ||
| 260 |
_aColombia _bDE LA MANCHA IMPRESORES _c2010 |
||
| 300 | _a247 | ||
| 650 | _aLECHE FERMENTADA | ||
| 650 | _aPROCESOS DE PASTERIZACION | ||
| 650 | _aQUESO FRESCO Y MADURADOS | ||
| 700 | _aLOPEZ TORRES, JANETH | ||
| 942 | _c01 | ||
| 010 | _a105944 | ||
| 999 |
_c235846 _d235846 |
||